000 00438nam a2200181Ia 4500
005 20240823011236.0
008 240823s9999||||xx |||||||||||||| ||und||
041 _aENGLISH
082 _A620.11 N9
100 _aCampbell J S
245 0 _aPrinciples Manufacturing Materials and process
250 _a1st
260 _c1999
_b"TMH,New Delhi"
500 _aYES
650 _aManufacture
_bMechanical
942 _cBK
999 _c160963
_d160963